000 00376 a2200169 4500
001 49253
020 _a8526256254
040 _cAnchieta - Bela Vista
100 _aDias, Ivonete Leal
240 1 0 _aEnganei o bicho-papão
_lpor
245 1 0 _aEnganei o bicho-papão
300 _a32
362 0 _a2004
440 1 _aScipione
650 4 _aLiteratura infantil
942 _cBK
999 _c49253
_d49253